MARC details
| 000 -LEADER |
| fixed length control field |
02228cas a2200529 a 4500 |
| 001 - CONTROL NUMBER |
| control field |
11310105 |
| 005 - DATE AND TIME OF LATEST TRANSACTION |
| control field |
20200812112442.0 |
| 007 - PHYSICAL DESCRIPTION FIXED FIELD--GENERAL INFORMATION |
| fixed length control field |
hd afb---baca |
| 008 - FIXED-LENGTH DATA ELEMENTS--GENERAL INFORMATION |
| fixed length control field |
780103c19229999miumr a 0 a0eng |
| 010 ## - LIBRARY OF CONGRESS CONTROL NUMBER |
| LC control number |
sf 86091535 |
| 016 ## - NATIONAL BIBLIOGRAPHIC AGENCY CONTROL NUMBER |
| Record control number |
(AMICUS)000009980455 |
| 022 ## - INTERNATIONAL STANDARD SERIAL NUMBER |
| International Standard Serial Number |
0017-8012 |
| ISSN-L |
0017-8012 |
| 035 ## - SYSTEM CONTROL NUMBER |
| System control number |
(OCoLC)ocm03527639 |
| 040 ## - CATALOGING SOURCE |
| Original cataloging agency |
OKO |
| Language of cataloging |
eng |
| Transcribing agency |
OKO |
| Modifying agency |
PIT |
| -- |
IUL |
| -- |
DLC |
| -- |
NST |
| -- |
OCLCQ |
| -- |
OCLCF |
| -- |
OCLCO |
| -- |
OCLCQ |
| -- |
NLC |
| -- |
GILDS |
| -- |
OCLCO |
| -- |
VA@ |
| -- |
OCLCQ |
| -- |
DLC |
| -- |
XFF |
| 042 ## - AUTHENTICATION CODE |
| Authentication code |
pcc |
| 050 00 - LIBRARY OF CONGRESS CALL NUMBER |
| Classification number |
Microfilm 06068 |
| 050 #4 - LIBRARY OF CONGRESS CALL NUMBER |
| Classification number |
HF5001 |
| Item number |
.H3 |
| 222 #0 - KEY TITLE |
| Key title |
Harvard Business Review |
| 245 00 - TITLE STATEMENT |
| Title |
Harvard Business Review |
| 260 ## - PUBLICATION, DISTRIBUTION, ETC. |
| Place of publication, distribution, etc. |
[Boston] : |
| Name of publisher, distributor, etc. |
[Harvard University], |
| Date of publication, distribution, etc. |
[1922]- |
| 300 ## - PHYSICAL DESCRIPTION |
| Extent |
volumes : |
| Other physical details |
illustrations ; |
| Dimensions |
29 cm |
| 310 ## - CURRENT PUBLICATION FREQUENCY |
| Current publication frequency |
Bimonthly, |
| Date of current publication frequency |
1948- |
| 321 ## - FORMER PUBLICATION FREQUENCY |
| Former publication frequency |
Quarterly, |
| Dates of former publication frequency |
1922-1947 |
| 336 ## - CONTENT TYPE |
| Content type term |
text |
| Content type code |
txt |
| Source |
rdacontent |
| 337 ## - MEDIA TYPE |
| Media type term |
microform |
| Media type code |
h |
| Source |
rdamedia |
| 338 ## - CARRIER TYPE |
| Carrier type term |
microfilm reel |
| Carrier type code |
hd |
| Source |
rdacarrier |
| 362 0# - DATES OF PUBLICATION AND/OR SEQUENTIAL DESIGNATION |
| Dates of publication and/or sequential designation |
Vol. 1, no. 1 (Oct. 1922)- |
| 525 ## - SUPPLEMENT NOTE |
| Supplement note |
Supplements accompany some numbers. |
| 533 ## - REPRODUCTION NOTE |
| Type of reproduction |
Microfilm. |
| Place of reproduction |
Ann Arbor, Mich. : |
| Agency responsible for reproduction |
University Microfilms, |
| Physical description of reproduction |
microfilm reels ; 35 mm. |
| Series statement of reproduction |
(Current periodical series ; publication no. 634). |
| 550 ## - ISSUING BODY NOTE |
| Issuing body note |
Issued by: the Graduate School of Business Administration, Harvard University. |
| 555 ## - CUMULATIVE INDEX/FINDING AIDS NOTE |
| Cumulative index/finding aids note |
Vols. 1-15, 1922-summer 1937, with v. 16; Vols. 16-25, autumn 1937-autumn 1947, in v. 25; Vols. 26-35, 1948-1957. 1 v.; Vols. 36-45, 1958-1967. 1 v.; Vols. 49-59, 1971-1981. 1 v. |
| 590 ## - LOCAL NOTE (RLIN) |
| Local note |
SERBIB/SERLOC merged record |
| 650 #0 - SUBJECT ADDED ENTRY--TOPICAL TERM |
| Topical term or geographic name entry element |
Business |
| Form subdivision |
Periodicals. |
| 650 #0 - SUBJECT ADDED ENTRY--TOPICAL TERM |
| Topical term or geographic name entry element |
Economic history |
| Form subdivision |
Periodicals. |
| 650 #7 - SUBJECT ADDED ENTRY--TOPICAL TERM |
| Topical term or geographic name entry element |
Business. |
| Source of heading or term |
fast |
| Authority record control number or standard number |
(OCoLC)fst00842262 |
| 650 #7 - SUBJECT ADDED ENTRY--TOPICAL TERM |
| Topical term or geographic name entry element |
Economic history. |
| Source of heading or term |
fast |
| Authority record control number or standard number |
(OCoLC)fst00901974 |
| 655 #7 - INDEX TERM--GENRE/FORM |
| Genre/form data or focus term |
Periodicals. |
| Source of term |
fast |
| Authority record control number or standard number |
(OCoLC)fst01411641 |
| 655 #7 - INDEX TERM--GENRE/FORM |
| Genre/form data or focus term |
Periodicals. |
| Source of term |
lcgft |
| 710 2# - ADDED ENTRY--CORPORATE NAME |
| Corporate name or jurisdiction name as entry element |
Harvard University. |
| Subordinate unit |
Graduate School of Business Administration. |
| 760 0# - MAIN SERIES ENTRY |
| Title |
Current periodical series |
| 776 0# - ADDITIONAL PHYSICAL FORM ENTRY |
| Title |
Harvard business review |
| Record control number |
(DLC) 25010769 |
| -- |
(OCoLC)1751795 |
| 856 ## - ELECTRONIC LOCATION AND ACCESS |
| Password |
Login: mahesh@nls.ac.in and Password: Nlsiu@2019 |
| Uniform Resource Identifier |
<a href="http://www.hbr.org">http://www.hbr.org</a> |
| 906 ## - LOCAL DATA ELEMENT F, LDF (RLIN) |
| a |
7 |
| b |
cbc |
| c |
serials |
| d |
u |
| e |
ncip |
| f |
19 |
| g |
n-oclcserc |
| 942 ## - ADDED ENTRY ELEMENTS (KOHA) |
| Source of classification or shelving scheme |
Dewey Decimal Classification |
| Koha item type |
E-Journals |